000 00473nam a2200169 i 4500
001 129745
003 ES-MaACL
005 20250920063100.0
007 t|
008 070704s1919 sp ||||1| spa d
100 1 _aZozaya, Antonio,
_d1859-1943
_9118374
245 1 0 _aCuentos y escenas que no son de amores /
_cAntonio Zozaya.
260 _aMadrid :
_bJ. Pueyo,
_c1919.
300 _a296 p. ;
_c19 cm.
852 _aES-MaACL
_jF-8265
999 _c129745
_d129745